UBT Library

MOLECULAR CELL BIOLOGY (Record no. 11341)

000 -LEADER
fixed length control field 00286nam a22001337a 4500
008 - FIXED-LENGTH DATA ELEMENTS--GENERAL INFORMATION
fixed length control field 170420b xxu||||| |||| 00| 0 eng d
020 ## - INTERNATIONAL STANDARD BOOK NUMBER
International Standard Book Number 0716714485
041 ## - LANGUAGE CODE
Language code of text/sound track or separate title eng
080 ## - UNIVERSAL DECIMAL CLASSIFICATION NUMBER
Universal Decimal Classification number 573
100 ## - Rafti
Rafti 11
101 ## - Shkurtesa
Shkurtesa SHM
245 ## - TITLE STATEMENT
Title MOLECULAR CELL BIOLOGY
Statement of responsibility, etc DARNELL
942 ## - ADDED ENTRY ELEMENTS (KOHA)
Source of classification or shelving scheme
Item type Books
Holdings
Withdrawn status Lost status Source of classification or shelving scheme Damaged status Not for loan Collection code Permanent location Current location Shelving location Date acquired Total Checkouts Full call number Barcode Date last seen Price effective from Koha item type
          Koleksioni i përgjithshem UBT - Lipjan UBT - Lipjan Koleksioni i përgjithshem 04/20/2017   573 DAR 002-281689 04/20/2017 04/20/2017 Books
          Koleksioni i përgjithshem UBT - Lipjan UBT - Lipjan   09/21/2023   579DAR 002-800070353 09/21/2023 09/21/2023 Books
          Koleksioni i përgjithshem UBT - Lipjan UBT - Lipjan   09/21/2023   579LOD 002-800070354 09/21/2023 09/21/2023 Books
UBT Library © 2015-2024. All rights reserved University Education for Business and Technology